000 00847nam a22002897a 4500
003 CHAP
005 20220329140441.0
008 971013s us a r 00010 eng d
010 _a52152
011 _a53124
035 _a57274
040 _cCHAP
082 0 4 _a574.87
_bW54
100 0 0 _aWitt, William D.
_9122378
245 1 _aBiology of the cell
_b: an evolutionary approach
260 _aPhiladelphia, Pa. :
_bSaunders,
_c197
300 _a567 p.
_b: ilus.
590 _aBATCH-UPD
_b10
_c20130110
_lUCH01
_h0820
590 _aBATCH-UPD
_b10
_c20130410
_lUCH01
_h0457
590 _aBATCH-UPD
_b10
_c20130914
_lUCH01
_h0943
590 _aCONVERSION
_b10
_c20130109
_lUCH01
_h1328
650 1 4 _aCitología.
_923489
650 1 4 _aEvolución.
_939007
901 _aBK
942 _cLIBRO
949 _a574.87 W54
_bBC
_cMUT
_d-124688
_eMUT
_h402
_i57274
_si
999 _c52152
_d52152